<The> big book of team building games quick, fun activities for building morale, communication and team spirit

Uložené v:
Podrobná bibliografia
Hlavný autor: Newstrom, John W.
Ďalší autori: Scannell, Edward
Médium: Kniha
Jazyk:English
Vydavateľské údaje: Maidenhead McGraw-Hill 2008
Predmet:
Tagy: Pridať tag
Žiadne tagy, Buďte prvý, kto otaguje tento záznam!

MARC

LEADER 00000nam$a2200000$$$4500
001 0115885
005 20240312115437.9
020 |a 0-07-711475-2 
041 0 |a eng 
044 |a GB 
245 1 0 |a <The> big book of team building games  |b quick, fun activities for building morale, communication and team spirit  |c John Newstrom, Edward Scannell 
264 1 |a Maidenhead  |b McGraw-Hill  |c 2008 
300 |a xxx, 223 s. 
610 2 0 |a tímy pracovné 
610 2 0 |a práca tímová 
610 2 0 |a kolektív pracovný 
610 2 0 |a hry 
610 2 0 |a kreativita 
610 2 0 |a komunikácia firemná 
610 2 0 |a komunikácia interná 
610 2 0 |a psychológia práce 
100 1 |a Newstrom, John W. 
700 1 |a Scannell, Edward